Statistics for Every Wham! Song on the Billboard Hot 100

Click here to take the quiz!

General Stats

  • This quiz has been taken 198 times
    (177 since last reset)
  • The average score is 6 of 9

Answer Stats

#YearSong% Correct
82021Last Christmas
88%
11984Wake Me Up Before You Go-Go
86%
11985Everything She Wants
73%
11985Careless Whisper ft. George Michael
70%
31985Freedom
68%
601983Bad Boys
54%
31986I'm Your Man
52%
101986The Edge Of Heaven
52%
501986Where Did Your Heart Go?
18%

Score Distribution

Percentile by Number Answered

Percent of People with Each Score

Your Score History

You have not taken this quiz since the last reset